| 000 | 02159nam a2200301 a 4500 | ||
|---|---|---|---|
| 008 | 090709s2007 ||||||||||||||||| || u | ||
| 020 | _a007304685X | ||
| 050 | _aRA 781 Pre | ||
| 100 | _aPrentice, William E | ||
| 245 | 1 | 0 |
_aGet fit, stay fit. (4th ed.) _cby William E. Prentice |
| 250 | _a4th ed. | ||
| 260 |
_aNew York _bMcGraw-Hill _c2007 |
||
| 300 | _a281 [24]p.: ill. | ||
| 350 | _a0.00 | ||
| 500 | _aIncludes appendix | ||
| 650 | _aHEALTH | ||
| 650 | _aPHYSICAL FITNESS | ||
| 650 | _aEXERCISE | ||
| 995 |
_aMICHAEL CHILUFYA SATA OPEN ACCESS _e902982 _FCBU-SCHOOL OF MEDICINE LIBRARY (Ndola) _I0.00 _jRA 781 Pre _M5 _UAVAILABLE _WApr 30, 2015 _y902982 _ZMedical Library Open Access Collection |
||
| 995 |
_aKAPASA MAKASA LIBRARY OPEN ACCESS _e747790 _FCBU-KAPASA MAKASA LIBRARY (Chinsali) _I0.00 _jRA 781 Pre _M9 _UAVAILABLE _WSep 19, 2017 _y747790 _ZKapasa Makasa Library Open Acess Collection |
||
| 995 |
_aMAIN LIBRARY OPEN ACCESS _D0.00 _e740277 _FCBU-MAIN LIBRARY (Kitwe) _H1 _I0.00 _jRA 781 Pre _M1 _UAVAILABLE _WAug 26, 2009 _y740277 _ZMain Library Open Access Collection |
||
| 995 |
_aMEDICAL LIBRARY OPEN ACCESS _e902983 _FCBU-SCHOOL OF MEDICINE LIBRARY (Ndola) _I0.00 _jRA 781 Pre _M6 _UAVAILABLE _WApr 30, 2015 _y902983 _ZMedical Library Open Access Collection |
||
| 995 |
_aMICHAEL CHILUFYA SATA OPEN ACCESS _e902984 _FCBU-SCHOOL OF MEDICINE LIBRARY (Ndola) _I0.00 _jRA 781 Pre _M7 _UAVAILABLE _WApr 30, 2015 _y902984 _ZMedical Library Open Access Collection |
||
| 995 |
_aANNEX COLLECTION (Main Library) _D0.00 _e740278 _FCBU-MAIN LIBRARY (Kitwe) _H1 _I0.00 _jRA 781 Pre _M2 _UAVAILABLE _WAug 26, 2009 _y740278 _ZAnnex Low-Usage Collection |
||
| 995 |
_aANNEX COLLECTION (Main Library) _D0.00 _e740280 _FCBU-MAIN LIBRARY (Kitwe) _H1 _I0.00 _jRA 781 Pre _M4 _UAVAILABLE _WAug 26, 2009 _y740280 _ZAnnex Low-Usage Collection |
||
| 995 |
_aMICHAEL CHILUFYA SATA OPEN ACCESS _e902985 _FCBU-SCHOOL OF MEDICINE LIBRARY (Ndola) _I0.00 _jRA 781 Pre _M8 _UAVAILABLE _WApr 30, 2015 _y902985 _ZMedical Library Open Access Collection |
||
| 995 |
_aMAIN LIBRARY OPEN ACCESS _D0.00 _e740279 _FCBU-MAIN LIBRARY (Kitwe) _H1 _I0.00 _jRA 781 Pre _M3 _UAVAILABLE _WAug 26, 2009 _y740279 _ZMain Library Open Access Collection |
||
| 999 |
_c63903 _d63903 |
||